000 00373nam a2200133Ia 4500
005 20260326235441.0
008 260326s9999||||xx |||||||||||||| ||und||
100 _aMontaner, Josep Maria
245 0 _aNuevos Museos :
_b Espacios para el Arte y la Cultura /
_cJosep Maria Montaner
260 _bGustavo Gili
300 _a191 p.
650 _aARQUITECTURA CIVIL
942 _cBK
999 _c7402
_d7402